Hunderasse erkennen - Statistiken

Allgemein
  • Dieses Quiz wurde 2.099 mal gespielt
  • Das Durchschnittsergebnis liegt bei 14 aus 24
Antwortstatistiken
Bildquiz Antwort % Korrekt
Dackel
99%
Dalmatiner
93%
Deutscher Schäferhund
90%
Pudel
86%
Golden Retriever
85%
Labrador
79%
Dobermann
76%
Greyhound
75%
Deutsche Dogge
70%
Beagle
65%
Rottweiler
64%
Chihuahua
61%
Border Collie
53%
Shiba Inu
53%
Berner Sennenhund
50%
Französische Bulldogge
49%
Malteser
42%
Zwergspitz
38%
Chow Chow
37%
Australien Shepherd
36%
Kangal
31%
Bullterrier
30%
Malinois
23%
Ridgeback
23%
Keine übereinstimmenden Quizze gefunden
Verteilung der Resultate
Anzahl Personen mit jedem Resultat
Perzentil nach korrekt beantworteten Fragen
Ihre Resultats-Entwicklung
Sie haben dieses Quiz noch nicht gespielt